| 000 | 01288nam a2200229Ii 4500 | ||
|---|---|---|---|
| 003 | JO-AjNU | ||
| 005 | 20240623121202.0 | ||
| 008 | 230605s9999||||xx |||||||||||||| ||und|| | ||
| 040 |
_aJO-AjNU _bara _erda _cJO-AjNU |
||
| 041 | _aara | ||
| 050 | 1 | 4 | _aBP152 2015 |
| 100 | 3 |
_aاعداد جمعة، سوزان علي عبداللطيف؛ اشراف احمد مصطفى القضاة, _eauthor _957823 |
|
| 245 | 0 | 0 | _aالبناية في شرح الهداية للامام محمود بدر الدين العيني من باب الحدث في الصلاة الى اول باب صلاة المريض (دراسة وتحقيق)=Study and Editing of apart of al-benayah fe sharh Al-hedayah of Mahmoud bin Badreedein Alayni from chapter of Al-hadath Ritual Imurity in prayer to chapter of prayer of the ill |
| 260 | _c2018 | ||
| 300 | _a878 ورقة | ||
| 336 |
_atext _btxt _2rdacontent |
||
| 337 |
_aunmediated _bn _2rdamedia |
||
| 338 |
_avolume _bnc _2rdacarrier |
||
| 500 | _aرسالة جامعية (دكتوراة في تخصص القضاء الشرعي)--جامعة العلوم الاسلامية العالمية، كلية الدراسات العليا، عمان)، 2015، يشتمل على ببلوغرافيا | ||
| 650 | 4 |
_aالفقه - فقه حنفي _957824 |
|
| 942 |
_2lcc _cTHS |
||
| 999 |
_c29503 _d29503 |
||